书目信息 |
| 题名: |
号角
|
|
| 作者: | ;指文号角工作室 主编 | |
| 分册: | Ⅵ | |
| 出版信息: | 北京 中国长安出版社 2018 |
|
| 页数: | 238页 | |
| 开本: | 27cm | |
| 丛书名: | 指文 | |
| 单 册: | ||
| 中图分类: | E127 , TS941.732 | |
| 科图分类: | ||
| 主题词: | 军服--jun fu--介绍--世界 , 徽章--hui zhang--介绍--世界 , 服装工业 | |
| 电子资源: | ||
| ISBN: | 978-7-5107-0981-4 | |
| 000 | 01259nam 2200337 45 | |
| 001 | 012001009803 | |
| 005 | 20191107140623.34 | |
| 010 | @a978-7-5107-0981-4@dCNY179.80 | |
| 099 | @aCAL 012016067669 | |
| 100 | @a20160512d2016 em y0chiy0121 ea | |
| 101 | 0 | @achi |
| 102 | @aCN@b110000 | |
| 105 | @aac z 000yy | |
| 106 | @ar | |
| 200 | 1 | @a号角@Ahao jiao@e世界经典制服徽章艺术@hⅥ@f指文号角工作室主编 |
| 210 | @a北京@c中国长安出版社@d2018 | |
| 215 | @a238页@c图 (部分彩图), 肖像@d27cm | |
| 225 | 2 | @a指文@Azhi wen@i号角@v1601 |
| 312 | @a英文并列题名取自封面 | |
| 330 | @a本书是以徽章、制服为主题的系列读物第六册, 秉承专业、系统、全面又不失趣味性的编撰理念, 权威收录世界各国近现代各类徽章制服及其发展历史。该书凝注创作团队的精细考证, 具有相当学术参考价值。 | |
| 410 | 0 | @12001 @a指文@i号角@v1601 |
| 510 | 1 | @aClarion@emilitaria collection publication@hⅥ@zeng |
| 517 | 1 | @a世界经典制服徽章艺术@Ashi jie jing dian zhi fu hui zhang yi shu |
| 606 | 0 | @a军服@Ajun fu@x介绍@y世界 |
| 606 | 0 | @a徽章@Ahui zhang@x介绍@y世界 |
| 606 | 0 | @a服装工业 |
| 690 | @aE127@v5 | |
| 690 | @aTS941.732@v4 | |
| 711 | 02 | @a指文号角工作室@Azhi wen hao jiao gong zuo shi@4主编 |
| 801 | 2 | @aCN@b上海新华@c20191020 |
| 905 | @b1189542-3@dTS941.732@e98:6@f2 | |
| 号角:世界经典制服徽章艺术.Ⅵ/指文号角工作室主编.-北京:中国长安出版社,2018 |
| 238页:图 (部分彩图), 肖像;27cm.-(指文.号角;1601) |
| ISBN 978-7-5107-0981-4:CNY179.80 |
| 本书是以徽章、制服为主题的系列读物第六册, 秉承专业、系统、全面又不失趣味性的编撰理念, 权威收录世界各国近现代各类徽章制服及其发展历史。该书凝注创作团队的精细考证, 具有相当学术参考价值。 |
| ● |
| 相关链接 |
|
|
|
|
正题名:号角
索取号:TS941.732/98:6
 
预约/预借
| 序号 | 登录号 | 条形码 | 馆藏地/架位号 | 状态 | 备注 |
| 1 | 1189542 | 211895421 | 第二样本阅览室/ [索取号:TS941.732/98:6] | 在馆 | |
| 2 | 1189543 | 211895430 | 第三借阅区/ [索取号:TS941.732/98:6] | 在馆 |